000 01387cam a22003977i 4500
999 _c40755
_d40755
001 17953726
003 OSt
005 20200606120147.0
008 130905s2013 ii 000 1 hin
010 _a 2013407126
020 _a9788173097133 (bound)
020 _a9788173097126 (pbk)
020 _a8173097127 (pbk)
025 _aI-H-2013-407126; 10
035 _a(OCoLC)ocn857800914
035 _a(OCoLC)857800914
037 _aLibrary of Congress -- New Delhi Overseas Office
040 _aAU@
_beng
_cMESKC library
_erda
_dOCLCO
_dDLC
042 _alccopycat
_alcode
050 0 0 _aMLCSA 2014/00418 (P)
_aPK2098.28.T475
082 0 4 _a891.433
_223
_bMAT/H
100 1 _aMāthura, Divyā
_eauthor.
_936
245 1 0 _aHindi@svarga.ina /
_cDivyā Māthura = Hindi@swarg.in / by Divya Mathur.
246 3 _aHindi at svarga dot ina
246 3 1 _aHindi@swarg.in
250 _aPrathama saṃskaraṇa.
264 1 _aNaī Dillī :
_bSastā Sāhitya Manḍala,
_c2013.
300 _a383 pages, 1 unnumbered page ;
_c21 cm
336 _atext
_btxt
_2rdacontent
337 _aunmediated
_bn
_2rdamedia
338 _avolume
_bnc
_2rdacarrier
546 _aIn Hindi.
906 _a7
_bcbc
_ccopycat
_d4
_encip
_f20
_gy-gencatlg
942 _2ddc
_cBK
_h891.433
_iMAT/H
_k891.433
_mMAT/H